00606 2200229 4500001002100000005001700021008004100038020002200079035002400101040001200125041000800137082001200145090001600157245005200173250001000225260003800235300003400273600001700307650001800324990001700342990001700359YOGYA-0113000000162420130128102242.0 ind  a978-979-033-305-5 0010-011300000001624 aYOPDYOG aInd a297.382 a297.382 Kar aKARTU doa sehari-hari anak muslimcUmi Andriani aCet.1 aJakartabErlangga for kidsc2008. a30 kartubilusc14 cm (2 eks) aUmi Andriani aDoa ( Islam ) a373-RBM/B.12 a374-RBM/B.12